Comedy Movies (A-Z) Quiz Stats

 Plays Quiz Updated Jan 15, 2018

Score 0/25 Timer 07:00
2 Plays Today
% Correct
Airplane!
94.2%
Robin Hood: Men in Tights
91%
Groundhog Day
89.5%
Juno
87%
Happy Gilmore
86%
Caddyshack
85.4%
Ferris Bueller's Day Off
83.4%
Young Frankenstein
72.7%
Planes, Trains & Automobiles
70.2%
Zombieland
69.2%
Uncle Buck
68.8%
The Naked Gun: From the Files of Police Squad!
68.3%
Easy A
67.9%
% Correct
Tootsie
67.4%
Office Space
66.6%
Shaun of the Dead
65.4%
Dr. Strangelove, or: How I Learned to Stop Worrying and Love the Bomb
60.2%
Vacation
49.1%
In Bruges
46.2%
Lock, Stock and Two Smoking Barrels
34.7%
Bringing Up Baby
29.8%
Modern Times
28.7%
Kung Fu Hustle
19.1%
What We Do in the Shadows
14.5%
Quick Change
12.7%

You're not logged in!

Compare scores with friends on all Sporcle quizzes.
OR
Log In

You Might Also Like...

Show Comments

Extras

Top Quizzes Today


Score Distribution

Your Account Isn't Verified!

In order to create a playlist on Sporcle, you need to verify the email address you used during registration. Go to your Sporcle Settings to finish the process.

Report this User

Report this user for behavior that violates our Community Guidelines.

Details: